000 00981nas a2200241 454500
001 28256
005 20260407193507.0
008 260407s1997####ag###########|||spa#d
003 AR-UNSa-BCEJYS
040 _aAR-UNSa-BCEJYS
_bspa
_cAR-UNSa-BCEJYS
080 _a336.71
_xBancos. Sistema bancario
245 1 0 _aDocumentos de trabajo
022 _a0328-8846
264 1 _aBuenos Aires :
_bBanco Central de la República Argentina
_c1997
310 _aFrecuencia: Irregular
942 _cSER
590 _aniveau_biblio:s niveau_hierar:1
100 1 _aBanco Central de la República Argentina. Area de Economía y Finanzas
650 _aMacroeconomía
650 _aECONOMIA ARGENTINA
650 _aBANCO CENTRAL
856 4 1 _uhttps://biblioeco.unsa.edu.ar/pmb/images/revistas/Contribucin de la productividad total de los factores al crecimiento del producto, en la Argentina y en los paises reicentemente Industrializados del este de Asia-r13709.jpg
_yImagen de portada
_qimage/jpeg
999 _c8643
_d8643